| 000 | 00898cam a22002771 4500 | ||
|---|---|---|---|
| 001 | ne 66001857 | ||
| 003 | DLC | ||
| 005 | 20260227111827.0 | ||
| 008 | 880830s1966 le b 000 0 arar | ||
| 010 | _ane 66001857 | ||
| 035 | _a(OCoLC)18425468 | ||
| 040 |
_aDLC _cWaU _dDLC |
||
| 042 | _apremarc | ||
| 043 | _ama----- | ||
| 050 | 0 | 0 |
_aPJ7515 _b.K3 |
| 100 | 1 |
_aKarrū, Abū al-Qāsim Muḥammad, _d1924- |
|
| 245 | 1 | 0 |
_aShakhṣīyāt adabīyah min al-Mashriq wa-al-Maghrib _c[taʼlīf] Abū al-Qāsim Muḥammad Karrū [wa-] ʻAbd Allāh Shurayyiṭ. |
| 250 | _a[al-Ṭabʻah 2] | ||
| 260 |
_aBayrūt, _bDār Maktabat al-Ḥayāh _c[1966] |
||
| 300 | _a334 p. | ||
| 500 | _aAuthor's names in reverse order in 1958 ed. | ||
| 504 | _aBibliography: p. 10-12. | ||
| 650 | 0 |
_aArabic literature _xHistory and criticism. |
|
| 650 | 0 | _aAuthors, Arab. | |
| 700 | 1 | _aShurayyiṭ, ʻAbd Allāh. | |
| 999 |
_c49191 _d49191 |
||